000
00360nam a2200157Ia 4500
008
221030s9999 xx 000 0 und d
020
_a
8131510575
041
_a
English
082
_a
105.23
100
_a
A. Drozdek
245
0
_a
Elements of Data Compression
260
_b
Cengage Learning
_a
New Delhi
_c
2009
300
_a
221
650
_a
IT
942
_c
BK
999
_c
6507
_d
6507